[Event "2. Azuqueca Chess Classic 2014"]
[Site "Azuqueca de Henares ESP"]
[Date "2014.09.13"]
[Round "1.1"]
[White "Tirado Parra, Alberto"]
[Black "Iturrizaga Bonelli, Eduardo"]
[Result "0-1"]
[WhiteElo "1895"]
[BlackElo "2660"]
[PlyCount "60"]
[EventDate "2014.09.13"]
[EventType "swiss"]
[EventRounds "9"]
[EventCountry "ESP"]
[Source "lmi"]
[SourceDate "2014.09.13"]

1. b4 Nf6 2. Bb2 e6 3. a3 b6 4. Nf3 Bb7 5. e3 d5 6. Be2 Nbd7 7. O-O Bd6 8. d3
a5 9. b5 Qe7 10. Nbd2 O-O 11. c4 Rfd8 12. Qc2 Nf8 13. Ne5 Ng6 14. Ndf3 dxc4 15.
Qxc4 Nd7 16. d4 Bxe5 17. dxe5 Bxf3 18. Bxf3 Ndxe5 19. Qe4 Nxf3+ 20. Qxf3 Rd5
21. Rfd1 Rad8 22. a4 Nh4 23. Qg4 f5 24. Qe2 Qd7 25. Rd4 Rxd4 26. Bxd4 Qd5 27.
Qf1 e5 28. Rd1 Rd6 29. Rd2 Nf3+ 30. gxf3 Rg6+ 0-1

[Event "2. Azuqueca Chess Classic 2014"]
[Site "Azuqueca de Henares ESP"]
[Date "2014.09.13"]
[Round "1.2"]
[White "Moreno Ruiz, Javier"]
[Black "Gonzalez Mateo, Jose Luis"]
[Result "1-0"]
[WhiteElo "2475"]
[BlackElo "1848"]
[PlyCount "40"]
[EventDate "2014.09.13"]
[EventType "swiss"]
[EventRounds "9"]
[EventCountry "ESP"]
[Source "lmi"]
[SourceDate "2014.09.13"]

1. d4 Nf6 2. c4 e6 3. Nc3 Bb4 4. f3 c5 5. d5 d6 6. e4 Bxc3+ 7. bxc3 e5 8. Bd3
O-O 9. Ne2 Qe7 10. Bg5 h6 11. Be3 Nh5 12. g4 Nf6 13. Ng3 Kh7 14. h4 g6 15. g5
Ng8 16. h5 hxg5 17. hxg6+ Kxg6 18. f4 exf4 19. e5+ f5 20. Qh5+ Kg7 1-0

[Event "2. Azuqueca Chess Classic 2014"]
[Site "Azuqueca de Henares ESP"]
[Date "2014.09.13"]
[Round "1.3"]
[White "Vaquerizo Calvo, Miguel Arturo"]
[Black "Castellanos Rodriguez, Renier"]
[Result "0-1"]
[WhiteElo "1837"]
[BlackElo "2465"]
[PlyCount "100"]
[EventDate "2014.09.13"]
[EventType "swiss"]
[EventRounds "9"]
[EventCountry "ESP"]
[Source "lmi"]
[SourceDate "2014.09.13"]

1. e4 c5 2. Nf3 e6 3. d4 cxd4 4. Nxd4 a6 5. c4 Nf6 6. Nc3 Qc7 7. a3 Nc6 8. Nxc6
dxc6 9. Be3 e5 10. Be2 Be7 11. O-O O-O 12. Qc2 Ng4 13. Bxg4 Bxg4 14. c5 Rad8
15. f3 Be6 16. Rfd1 h6 17. Rxd8 Rxd8 18. Rd1 Rxd1+ 19. Nxd1 Qa5 20. Qc3 Qb5 21.
b4 a5 22. Nb2 axb4 23. axb4 Qa6 24. Nd3 Qa2 25. Nc1 Qa4 26. h3 Qd1+ 27. Kh2 f6
28. Qd3 Qa4 29. Bd2 Kf7 30. Bc3 Ke8 31. Ne2 h5 32. f4 exf4 33. Nxf4 Bf7 34. Qf3
g6 35. Qe3 g5 36. Ne2 Qa2 37. Nd4 Bg6 38. Nf5 Bxf5 39. exf5 Qb3 40. Qe1 Kf7 41.
Qd2 Qb1 42. Qf2 Bd8 43. Qf3 Bc7+ 44. g3 Qc2+ 45. Kh1 g4 46. hxg4 hxg4 47. Qe3
Qxf5 48. Kg2 Qh5 49. Be1 Qd5+ 50. Kh2 Be5 0-1

[Event "2. Azuqueca Chess Classic 2014"]
[Site "Azuqueca de Henares ESP"]
[Date "2014.09.13"]
[Round "1.4"]
[White "Perez Mitjans, Orelvis"]
[Black "Garces Adan, Jose A"]
[Result "1-0"]
[WhiteElo "2440"]
[BlackElo "1817"]
[PlyCount "53"]
[EventDate "2014.09.13"]
[EventType "swiss"]
[EventRounds "9"]
[EventCountry "ESP"]
[Source "lmi"]
[SourceDate "2014.09.13"]

1. e4 e5 2. Nf3 Nc6 3. d4 exd4 4. Bc4 d6 5. c3 Be6 6. Bxe6 fxe6 7. Qb3 Qd7 8.
O-O O-O-O 9. cxd4 d5 10. e5 Nge7 11. Nc3 Nf5 12. Be3 Be7 13. Rfc1 g5 14. Nb5 a6
15. Rxc6 axb5 16. Rc2 g4 17. Ne1 h5 18. Rac1 c6 19. Qxb5 Nxe3 20. Rxc6+ Kb8 21.
fxe3 Bg5 22. Kf2 h4 23. Qb6 g3+ 24. hxg3 hxg3+ 25. Ke2 Rh7 26. Nf3 Bh6 27. Rd6
1-0

[Event "2. Azuqueca Chess Classic 2014"]
[Site "Azuqueca de Henares ESP"]
[Date "2014.09.13"]
[Round "1.5"]
[White "Rodriguez Valero, Martin"]
[Black "Gomez Ledo, Roberto Carlos"]
[Result "0-1"]
[WhiteElo "1814"]
[BlackElo "2403"]
[PlyCount "62"]
[EventDate "2014.09.13"]
[EventType "swiss"]
[EventRounds "9"]
[EventCountry "ESP"]
[Source "lmi"]
[SourceDate "2014.09.13"]

1. e4 d6 2. d4 Nf6 3. Nc3 Nbd7 4. Nf3 e5 5. dxe5 dxe5 6. Bc4 Bb4 7. O-O O-O 8.
Nd5 Nxd5 9. Bxd5 Qe8 10. Qe2 Bd6 11. h3 Kh8 12. Bd2 Qe7 13. a3 h6 14. Bc3 Nf6
15. Ba2 Nh5 16. b4 Nf4 17. Qe3 Qf6 18. Kh1 Qg6 19. Rg1 Qh5 20. Nh2 Qe2 21. Rge1
Qxc2 22. g3 Nd3 23. Re2 Qxc3 24. Rd1 Qxa3 25. Rxd3 Qxb4 26. Ng4 f5 27. exf5
Bxf5 28. Rb3 Qa4 29. Rxb7 Qc6+ 30. Kg1 Qxb7 31. Nxh6 Bxh3 0-1

[Event "2. Azuqueca Chess Classic 2014"]
[Site "Azuqueca de Henares ESP"]
[Date "2014.09.13"]
[Round "1.6"]
[White "Stella, Andrea"]
[Black "Muñoz Cebey, Ricardo"]
[Result "1-0"]
[WhiteElo "2403"]
[BlackElo "1779"]
[PlyCount "63"]
[EventDate "2014.09.13"]
[EventType "swiss"]
[EventRounds "9"]
[EventCountry "ESP"]
[Source "lmi"]
[SourceDate "2014.09.13"]

1. Nf3 d5 2. c4 c6 3. g3 Nf6 4. Bg2 e6 5. O-O Be7 6. d4 O-O 7. Nbd2 Nbd7 8. Qc2
b6 9. e4 dxe4 10. Nxe4 Nxe4 11. Qxe4 Bb7 12. Rd1 Nf6 13. Qe2 Bd6 14. Ne5 Rc8
15. Bg5 Re8 16. Rac1 h6 17. Bxf6 Qxf6 18. c5 bxc5 19. Nd7 Qe7 20. dxc5 Bc7 21.
Ne5 Bxe5 22. Qxe5 Red8 23. Rd6 Rxd6 24. cxd6 Qd7 25. b4 a6 26. Qc5 Ba8 27. a4
Rd8 28. Rd1 Rb8 29. Qa5 Bb7 30. Qc7 Rd8 31. Qxd7 Rxd7 32. b5 1-0

[Event "2. Azuqueca Chess Classic 2014"]
[Site "Azuqueca de Henares ESP"]
[Date "2014.09.14"]
[Round "2.1"]
[White "Iturrizaga Bonelli, Eduardo"]
[Black "Moreno Ibañez, Miguel"]
[Result "1-0"]
[WhiteElo "2660"]
[BlackElo "2212"]
[PlyCount "73"]
[EventDate "2014.09.13"]
[EventType "swiss"]
[EventRounds "9"]
[EventCountry "ESP"]
[Source "lmi"]
[SourceDate "2014.09.13"]

1. Nf3 Nf6 2. c4 c6 3. Nc3 d5 4. e3 g6 5. b3 Bg7 6. Bb2 O-O 7. Be2 Bg4 8. d4
Nbd7 9. O-O e6 10. h3 Bxf3 11. Bxf3 Qe7 12. a4 Rfd8 13. Ba3 Qe8 14. Bd6 Bf8 15.
Bc7 Rdc8 16. Bg3 a5 17. Qd3 Bb4 18. Na2 Be7 19. Rfc1 Qf8 20. c5 Ne8 21. b4 axb4
22. Nxb4 e5 23. Qb3 exd4 24. exd4 Nc7 25. Nc2 Ra7 26. Re1 h5 27. Bxh5 Nf6 28.
Qb6 Nxh5 29. Qxa7 Nxg3 30. fxg3 Ne6 31. Qxb7 Rc7 32. Qb3 Bf6 33. Red1 Qg7 34.
Qb4 Re7 35. a5 Ng5 36. a6 Qh6 37. Qd2 1-0

[Event "2. Azuqueca Chess Classic 2014"]
[Site "Azuqueca de Henares ESP"]
[Date "2014.09.14"]
[Round "2.2"]
[White "Barrantes Muñoz, Hugo Pedro"]
[Black "Moreno Ruiz, Javier"]
[Result "0-1"]
[WhiteElo "2275"]
[BlackElo "2475"]
[PlyCount "52"]
[EventDate "2014.09.13"]
[EventType "swiss"]
[EventRounds "9"]
[EventCountry "ESP"]
[Source "lmi"]
[SourceDate "2014.09.13"]

1. d4 Nf6 2. c4 g6 3. f3 Bg7 4. e4 d6 5. Nc3 O-O 6. Be3 c5 7. Nge2 Nc6 8. d5
Ne5 9. Ng3 e6 10. Be2 exd5 11. cxd5 a6 12. a4 h5 13. O-O Nh7 14. Qd2 Re8 15.
Rab1 Qa5 16. b4 cxb4 17. Na2 Qxa4 18. Rxb4 Qd7 19. Rc1 b5 20. f4 Ng4 21. Bxg4
hxg4 22. Bb6 a5 23. Rbb1 b4 24. Qf2 Nf6 25. Rc7 Qa4 26. Re1 Bd7 0-1

[Event "2. Azuqueca Chess Classic 2014"]
[Site "Azuqueca de Henares ESP"]
[Date "2014.09.14"]
[Round "2.3"]
[White "Castellanos Rodriguez, Renier"]
[Black "Cubillo Muñoz, Miguel"]
[Result "1-0"]
[WhiteElo "2465"]
[BlackElo "2048"]
[PlyCount "47"]
[EventDate "2014.09.13"]
[EventType "swiss"]
[EventRounds "9"]
[EventCountry "ESP"]
[Source "lmi"]
[SourceDate "2014.09.13"]

1. e4 c5 2. Nf3 g6 3. c3 Bg7 4. d4 cxd4 5. cxd4 d6 6. Nc3 Nf6 7. Be2 O-O 8. O-O
h6 9. h3 Nfd7 10. Be3 a6 11. Qd2 Kh7 12. Rac1 e5 13. Rfd1 Nc6 14. dxe5 dxe5 15.
Nd5 f5 16. exf5 gxf5 17. Nb4 Nxb4 18. Qxb4 Qe8 19. Nh4 e4 20. g3 f4 21. Bxf4
Nf6 22. Rc7 Rf7 23. Rd8 Qxd8 24. Rxf7 1-0

[Event "2. Azuqueca Chess Classic 2014"]
[Site "Azuqueca de Henares ESP"]
[Date "2014.09.14"]
[Round "2.4"]
[White "Aziz Ortego, Omar Luis"]
[Black "Perez Mitjans, Orelvis"]
[Result "1-0"]
[WhiteElo "2094"]
[BlackElo "2440"]
[PlyCount "82"]
[EventDate "2014.09.13"]
[EventType "swiss"]
[EventRounds "9"]
[EventCountry "ESP"]
[Source "lmi"]
[SourceDate "2014.09.13"]

1. d4 d5 2. e3 Nf6 3. Bd3 Bg4 4. Ne2 e6 5. f3 Bh5 6. c4 c6 7. Nbc3 Be7 8. Qc2
Nbd7 9. Bd2 Bg6 10. cxd5 cxd5 11. Nf4 a6 12. Rc1 Bd6 13. Nce2 e5 14. dxe5 Nxe5
15. Bxg6 hxg6 16. Nd4 Qb6 17. Bc3 Kf8 18. Kf2 Re8 19. Rce1 Kg8 20. h3 Qc7 21.
b3 b5 22. h4 Rc8 23. Rc1 Qe7 24. Qe2 Re8 25. Bb2 Qd7 26. Rh3 Neg4+ 27. fxg4
Nxg4+ 28. Kg1 Bxf4 29. Rc3 Rh5 30. Rd3 Be5 31. Qc2 Bf6 32. Qd2 Rxh4 33. Rxh4
Bxh4 34. Nf3 Bf2+ 35. Kf1 Bxe3 36. Rxd5 Qe6 37. Qc3 Bh6 38. Rd2 f6 39. Qd3 Nh2+
40. Kf2 Qe3+ 41. Qxe3 Bxe3+ 1-0

[Event "2. Azuqueca Chess Classic 2014"]
[Site "Azuqueca de Henares ESP"]
[Date "2014.09.14"]
[Round "2.5"]
[White "Gomez Ledo, Roberto Carlos"]
[Black "Erice Alonso, Santiago"]
[Result "1-0"]
[WhiteElo "2403"]
[BlackElo "2023"]
[PlyCount "83"]
[EventDate "2014.09.13"]
[EventType "swiss"]
[EventRounds "9"]
[EventCountry "ESP"]
[Source "lmi"]
[SourceDate "2014.09.13"]

1. d4 d5 2. c4 c6 3. e3 Nf6 4. Nc3 e6 5. Nf3 Be7 6. b3 O-O 7. Be2 b6 8. O-O Bb7
9. Bb2 Nbd7 10. Qc2 Rc8 11. Rad1 Qc7 12. Bd3 h6 13. Qe2 Rfd8 14. Ne5 c5 15. Nb5
Qb8 16. cxd5 exd5 17. Bf5 a6 18. Nxd7 Nxd7 19. dxc5 axb5 20. Bxd7 Rxc5 21. Bd4
b4 22. Bf5 Qd6 23. Rd2 g6 24. Bb1 Bf6 25. Rfd1 Rdc8 26. Bxc5 bxc5 27. Be4 Bc3
28. Bxd5 Bxd2 29. Bxb7 Rd8 30. Bf3 Kg7 31. h3 Kg8 32. Kf1 Kg7 33. Kg1 Kg8 34.
Be4 Kg7 35. g3 Kg8 36. Bg2 h5 37. h4 Kg7 38. Bf1 Kg8 39. Qf3 Qe7 40. Bc4 Kg7
41. Kf1 Rd6 42. Qxf7+ 1-0

[Event "2. Azuqueca Chess Classic 2014"]
[Site "Azuqueca de Henares ESP"]
[Date "2014.09.14"]
[Round "2.6"]
[White "Ledo Galan, Jose Emilio"]
[Black "Stella, Andrea"]
[Result "0-1"]
[WhiteElo "2047"]
[BlackElo "2403"]
[PlyCount "68"]
[EventDate "2014.09.13"]
[EventType "swiss"]
[EventRounds "9"]
[EventCountry "ESP"]
[Source "lmi"]
[SourceDate "2014.09.13"]

1. e4 e6 2. d4 d5 3. exd5 exd5 4. c4 Bb4+ 5. Nc3 Ne7 6. Bd3 Nbc6 7. Nge2 dxc4
8. Bxc4 O-O 9. O-O Bf5 10. a3 Bd6 11. Nb5 Be6 12. Nxd6 Qxd6 13. Bf4 Qd7 14.
Bxe6 fxe6 15. Rc1 Nd5 16. Bg3 Rf7 17. Qb3 Nb6 18. Qe3 a5 19. Rfd1 a4 20. Nc3
Nd5 21. Qe4 h6 22. Rd3 Na5 23. Re1 Nc4 24. Re2 Rd8 25. Nxd5 exd5 26. Qh4 Re8
27. Be5 Qf5 28. Qg3 c5 29. h3 cxd4 30. Bxg7 Rxe2 31. Qb8+ Rf8 32. Qxf8+ Qxf8
33. Bxf8 Kxf8 34. Rxd4 Rxb2 0-1

[Event "2. Azuqueca Chess Classic 2014"]
[Site "Azuqueca de Henares ESP"]
[Date "2014.09.15"]
[Round "3.1"]
[White "Stella, Andrea"]
[Black "Iturrizaga Bonelli, Eduardo"]
[Result "1/2-1/2"]
[WhiteElo "2403"]
[BlackElo "2660"]
[PlyCount "68"]
[EventDate "2014.09.13"]
[EventType "swiss"]
[EventRounds "9"]
[EventCountry "ESP"]
[Source "lmi"]
[SourceDate "2014.09.13"]

1. e4 g6 2. Nf3 Bg7 3. d4 d6 4. Nc3 c6 5. a4 a5 6. Be3 Nf6 7. h3 Na6 8. Be2 O-O
9. O-O Qc7 10. Qd2 Nb4 11. Rfd1 Re8 12. Rac1 Nd7 13. Bc4 d5 14. exd5 Nb6 15.
Bb3 N4xd5 16. Nxd5 cxd5 17. Bf4 Qc6 18. Ne5 Bxe5 19. dxe5 Be6 20. Qd4 Nc4 21.
Bxc4 dxc4 22. Bg5 Qc7 23. Qh4 Rad8 24. Rxd8 Qxd8 25. Re1 Qd7 26. c3 h5 27. Kh2
Bd5 28. Rd1 Qe6 29. Qf4 Bc6 30. Rd4 Kg7 31. Bh6+ Kh7 32. Bg5 Kg7 33. Bh6+ Kh7
34. Bg5 Kg7 1/2-1/2

[Event "2. Azuqueca Chess Classic 2014"]
[Site "Azuqueca de Henares ESP"]
[Date "2014.09.15"]
[Round "3.2"]
[White "Moreno Ruiz, Javier"]
[Black "Valmaña Canto, Jaime"]
[Result "1-0"]
[WhiteElo "2475"]
[BlackElo "2353"]
[PlyCount "73"]
[EventDate "2014.09.13"]
[EventType "swiss"]
[EventRounds "9"]
[EventCountry "ESP"]
[Source "lmi"]
[SourceDate "2014.09.13"]

1. d4 Nf6 2. c4 e6 3. Nc3 Bb4 4. f3 d5 5. a3 Bxc3+ 6. bxc3 b6 7. cxd5 exd5 8.
e3 O-O 9. Bd3 Ba6 10. Ne2 Bxd3 11. Qxd3 c5 12. O-O Nc6 13. e4 cxd4 14. cxd4
dxe4 15. fxe4 Ng4 16. Qg3 h5 17. d5 Na5 18. h3 Nf6 19. Bb2 Ne8 20. Nf4 h4 21.
Qg4 Qc8 22. Qxh4 Qc2 23. Qf2 Rc8 24. Rae1 Qxf2+ 25. Rxf2 Nd6 26. Nh5 f6 27. e5
fxe5 28. Rxf8+ Rxf8 29. Bxe5 Nac4 30. Bc3 Rf5 31. Nxg7 Rxd5 32. Re7 Rd3 33. Bf6
Rxa3 34. Ne6 Nf5 35. Rd7 Re3 36. Ng5 a5 37. Rd8+ 1-0

[Event "2. Azuqueca Chess Classic 2014"]
[Site "Azuqueca de Henares ESP"]
[Date "2014.09.15"]
[Round "3.3"]
[White "Guerrero Vargas, Andres"]
[Black "Castellanos Rodriguez, Renier"]
[Result "0-1"]
[WhiteElo "2303"]
[BlackElo "2465"]
[PlyCount "78"]
[EventDate "2014.09.13"]
[EventType "swiss"]
[EventRounds "9"]
[EventCountry "ESP"]
[Source "lmi"]
[SourceDate "2014.09.13"]

1. e4 c5 2. Nf3 e6 3. d4 cxd4 4. Nxd4 a6 5. c4 Nf6 6. Nc3 Qc7 7. Be2 b6 8. O-O
Bb7 9. f3 Be7 10. Be3 d6 11. Qd2 O-O 12. Rfc1 Rc8 13. a4 Qd8 14. Bf1 Nfd7 15.
b4 Ne5 16. Nd1 a5 17. bxa5 Rxa5 18. Nb5 Na6 19. Qf2 Nc5 20. Nb2 Rca8 21. Rd1
Qb8 22. Qc2 Bc6 23. Ra2 h6 24. Bd2 R5a6 25. Bc3 Be8 26. Rda1 Nc6 27. Nd3 Nxd3
28. Bxd3 Ne5 29. Bf1 Qc8 30. Qb3 Nd7 31. Qb2 Bf8 32. a5 bxa5 33. Bxa5 Nc5 34.
Nc7 Rb8 35. Qc3 Rxa5 36. Qxa5 Nb3 37. Qa7 Nxa1 38. Nxe8 Nb3 39. c5 Nxc5 0-1

[Event "2. Azuqueca Chess Classic 2014"]
[Site "Azuqueca de Henares ESP"]
[Date "2014.09.15"]
[Round "3.4"]
[White "Perez Mitjans, Orelvis"]
[Black "Elissalt Cardenas, Hector"]
[Result "1-0"]
[WhiteElo "2440"]
[BlackElo "2334"]
[PlyCount "53"]
[EventDate "2014.09.13"]
[EventType "swiss"]
[EventRounds "9"]
[EventCountry "ESP"]
[Source "lmi"]
[SourceDate "2014.09.13"]

1. e4 e5 2. Nf3 Nc6 3. Bb5 Nge7 4. O-O a6 5. Ba4 g6 6. c3 Bg7 7. d4 b5 8. Bb3
exd4 9. cxd4 d6 10. a4 bxa4 11. Rxa4 O-O 12. h3 Rb8 13. Nc3 h6 14. Bc4 Nb4 15.
Re1 c6 16. Bf1 d5 17. Bf4 Rb6 18. Qd2 g5 19. Bh2 dxe4 20. Nxe4 Nbd5 21. Nc5 Ng6
22. Bxa6 Ngf4 23. Bxf4 Nxf4 24. Bxc8 Qxc8 25. Ne5 Rd8 26. Qc2 Ne6 27. Nxf7 1-0

[Event "2. Azuqueca Chess Classic 2014"]
[Site "Azuqueca de Henares ESP"]
[Date "2014.09.15"]
[Round "3.5"]
[White "Baeza Escudero, Javier"]
[Black "Gomez Ledo, Roberto Carlos"]
[Result "0-1"]
[WhiteElo "1900"]
[BlackElo "2403"]
[PlyCount "88"]
[EventDate "2014.09.13"]
[EventType "swiss"]
[EventRounds "9"]
[EventCountry "ESP"]
[Source "lmi"]
[SourceDate "2014.09.13"]

1. e4 d6 2. d4 Nf6 3. Nc3 Nbd7 4. Nf3 e5 5. Bc4 Be7 6. O-O O-O 7. Re1 c6 8. a4
a5 9. h3 exd4 10. Qxd4 Nc5 11. b3 Be6 12. Bf4 Ne8 13. Rad1 h6 14. Bh2 Qb6 15.
Bf1 Rd8 16. Qe3 Nc7 17. Nd4 Rfe8 18. Kh1 N7a6 19. f4 Nb4 20. Re2 Bf6 21. Bg1
Qc7 22. Qg3 Bc8 23. Rde1 Be7 24. Nf3 Bf8 25. Bd4 Ne6 26. Bf2 Nc5 27. Bd4 Qe7
28. f5 Nd7 29. Rd2 c5 30. Be3 Ne5 31. Bxh6 Nxf3 32. gxf3 Qf6 33. Bxg7 Bxg7 34.
Nb5 d5 35. c3 Nc6 36. Nc7 dxe4 37. Nxe8 Rxe8 38. Rd6 Qxf5 39. fxe4 Rxe4 40. Bd3
Rxe1+ 41. Qxe1 Qxh3+ 42. Kg1 Be5 43. Rg6+ fxg6 44. Bc4+ Kg7 0-1

[Event "2. Azuqueca Chess Classic 2014"]
[Site "Azuqueca de Henares ESP"]
[Date "2014.09.15"]
[Round "3.6"]
[White "Gonzalez Mateo, Jose Luis"]
[Black "Palenciano Escolar, Adrian"]
[Result "1/2-1/2"]
[WhiteElo "1848"]
[BlackElo "1930"]
[PlyCount "55"]
[EventDate "2014.09.13"]
[EventType "swiss"]
[EventRounds "9"]
[EventCountry "ESP"]
[Source "lmi"]
[SourceDate "2014.09.13"]

1. d4 Nf6 2. c3 g6 3. Bg5 Bg7 4. Nd2 O-O 5. e4 d6 6. Ngf3 c5 7. dxc5 dxc5 8.
Bc4 Nc6 9. e5 Ng4 10. e6 f6 11. Bf4 Na5 12. Qe2 Nxc4 13. Qxc4 Qb6 14. Ne4 Qxe6
15. Qxe6+ Bxe6 16. Nxc5 Bd5 17. h3 Nh6 18. O-O-O Bxf3 19. gxf3 e5 20. Be3 b6
21. Ne6 Rf7 22. Nxg7 Kxg7 23. Rd5 Nf5 24. Rhd1 Nxe3 25. fxe3 Kh6 26. a4 Rc8 27.
Kc2 Rc4 28. e4 1/2-1/2

[Event "2. Azuqueca Chess Classic 2014"]
[Site "Azuqueca de Henares ESP"]
[Date "2014.09.16"]
[Round "4.1"]
[White "Gomez Ledo, Roberto Carlos"]
[Black "Moreno Ruiz, Javier"]
[Result "1/2-1/2"]
[WhiteElo "2403"]
[BlackElo "2475"]
[PlyCount "39"]
[EventDate "2014.09.13"]
[EventType "swiss"]
[EventRounds "9"]
[EventCountry "ESP"]
[Source "lmi"]
[SourceDate "2014.09.13"]

1. d4 Nf6 2. Nf3 g6 3. c4 Bg7 4. Nc3 O-O 5. e4 d6 6. Be2 e5 7. O-O exd4 8. Nxd4
Re8 9. f3 c6 10. Kh1 Nbd7 11. Be3 Nb6 12. Qd2 Qe7 13. Bg5 Qf8 14. Rad1 h6 15.
Bf4 Nh5 16. Be3 Kh7 17. Nb3 Re6 18. Nd4 Re8 19. Nb3 Re6 20. Nd4 1/2-1/2

[Event "2. Azuqueca Chess Classic 2014"]
[Site "Azuqueca de Henares ESP"]
[Date "2014.09.16"]
[Round "4.2"]
[White "Castellanos Rodriguez, Renier"]
[Black "Perez Mitjans, Orelvis"]
[Result "1-0"]
[WhiteElo "2465"]
[BlackElo "2440"]
[PlyCount "121"]
[EventDate "2014.09.13"]
[EventType "swiss"]
[EventRounds "9"]
[EventCountry "ESP"]
[Source "lmi"]
[SourceDate "2014.09.13"]

1. e4 e6 2. d4 d5 3. Nd2 Nf6 4. e5 Nfd7 5. Bd3 c5 6. c3 b6 7. Ne2 Ba6 8. Bxa6
Nxa6 9. O-O Nc7 10. Nf4 c4 11. b3 b5 12. a4 a6 13. Nf3 Be7 14. h4 cxb3 15. a5
h5 16. g3 Nb8 17. Nd2 g6 18. Nxb3 Nc6 19. Nd3 Kf8 20. Nbc5 Ne8 21. Qf3 Kg8 22.
Nb3 Ng7 23. Nf4 Nf5 24. Ng2 Kg7 25. Ne3 Qd7 26. Nxf5+ exf5 27. Ba3 Bxa3 28.
Rxa3 Nd8 29. Nc5 Qc6 30. Nd3 Ne6 31. Nb4 Qb7 32. Qxd5 Qe7 33. Qb3 f4 34. Nc6
Qd7 35. d5 Nc7 36. c4 bxc4 37. Qb7 Qc8 38. Qxc8 Rhxc8 39. Ne7 Rd8 40. d6 Nb5
41. Ra4 c3 42. Rxf4 Rd7 43. Nd5 Rdd8 44. Nb6 Rab8 45. Rc4 Re8 46. f4 Rbd8 47.
Nd5 c2 48. Rxc2 Nd4 49. Rc7 Rb8 50. Nb6 Red8 51. Ra7 Nc6 52. Rxa6 Nxa5 53. Rc1
Nb3 54. Rc7 Nd4 55. Kg2 Ne6 56. Kh3 Kg8 57. Nd5 Rb3 58. Raa7 Rf8 59. Re7 Rd3
60. Nf6+ Kh8 61. Rxe6 1-0

[Event "2. Azuqueca Chess Classic 2014"]
[Site "Azuqueca de Henares ESP"]
[Date "2014.09.16"]
[Round "4.3"]
[White "Iturrizaga Bonelli, Eduardo"]
[Black "Galan Fernandez, Felix"]
[Result "1-0"]
[WhiteElo "2660"]
[BlackElo "1935"]
[PlyCount "105"]
[EventDate "2014.09.13"]
[EventType "swiss"]
[EventRounds "9"]
[EventCountry "ESP"]
[Source "lmi"]
[SourceDate "2014.09.13"]

1. Nf3 c5 2. c4 Nf6 3. Nc3 g6 4. d4 cxd4 5. Nxd4 Bg7 6. g3 O-O 7. Bg2 Nc6 8.
Nc2 d6 9. O-O Be6 10. b3 Rc8 11. Bb2 Qd7 12. Re1 Rfd8 13. e4 Ng4 14. Qd2 h5 15.
Rad1 a6 16. f3 Nh6 17. Ne3 Bh3 18. Ncd5 Bxg2 19. Nb6 Qe8 20. Kxg2 Rb8 21. Ned5
Qf8 22. b4 Bxb2 23. Qxb2 Ne5 24. c5 Nc6 25. cxd6 Rxd6 26. a4 Rbd8 27. b5 axb5
28. axb5 Nb8 29. Nc4 R6d7 30. Rd2 Kh7 31. Ncb6 Rd6 32. Red1 f6 33. Nc4 R6d7 34.
e5 fxe5 35. Nxe5 Rd6 36. Nc4 R6d7 37. Ne5 Rd6 38. f4 Nf5 39. Nc4 R6d7 40. Qe5
Qf7 41. Kf3 Qg7 42. h3 Nh6 43. Ncb6 Rd6 44. Nc4 R6d7 45. g4 Nf7 46. Qe6 Qf8 47.
Kg2 Nh6 48. f5 gxf5 49. g5 Ng8 50. Nf4 Rxd2+ 51. Rxd2 Rxd2+ 52. Nxd2 Qd8 53.
Qf7+ 1-0

[Event "2. Azuqueca Chess Classic 2014"]
[Site "Azuqueca de Henares ESP"]
[Date "2014.09.16"]
[Round "4.4"]
[White "Palenciano Escolar, Adrian"]
[Black "Stella, Andrea"]
[Result "0-1"]
[WhiteElo "1930"]
[BlackElo "2403"]
[PlyCount "42"]
[EventDate "2014.09.13"]
[EventType "swiss"]
[EventRounds "9"]
[EventCountry "ESP"]
[Source "lmi"]
[SourceDate "2014.09.13"]

1. e4 e6 2. d4 d5 3. Nd2 c5 4. exd5 exd5 5. Ngf3 Nf6 6. Bb5+ Bd7 7. Qe2+ Be7 8.
dxc5 O-O 9. Nb3 Re8 10. O-O Bxc5 11. Qd3 Bb6 12. Bg5 Bxb5 13. Qxb5 Nbd7 14.
Rae1 Qc7 15. Qd3 Re4 16. Nfd2 Rxe1 17. Rxe1 Ng4 18. Be3 Bxe3 19. fxe3 Qxh2+ 20.
Kf1 Qh1+ 21. Ke2 Qxg2+ 0-1

[Event "2. Azuqueca Chess Classic 2014"]
[Site "Azuqueca de Henares ESP"]
[Date "2014.09.16"]
[Round "4.5"]
[White "Valmaña Canto, Jaime"]
[Black "Ledo Galan, Jose Emilio"]
[Result "1-0"]
[WhiteElo "2353"]
[BlackElo "2047"]
[PlyCount "75"]
[EventDate "2014.09.13"]
[EventType "swiss"]
[EventRounds "9"]
[EventCountry "ESP"]
[Source "lmi"]
[SourceDate "2014.09.13"]

1. d4 f5 2. g3 Nf6 3. Bg2 d5 4. Nh3 e6 5. O-O Bd6 6. c4 c6 7. Bf4 O-O 8. Nd2
Bxf4 9. Nxf4 g5 10. Nd3 Qe8 11. Nf3 h6 12. Qc1 Qh5 13. b4 Ne4 14. Nfe5 Nd7 15.
Bf3 Qe8 16. b5 Ndf6 17. cxd5 cxd5 18. a4 Bd7 19. Qc7 Nd2 20. Rfe1 Nb3 21. Rab1
Nxd4 22. Qxb7 Qc8 23. Qxc8 Rfxc8 24. e3 Nxf3+ 25. Nxf3 Rc4 26. a5 Rb8 27. Nd4
Ra4 28. Ne5 Rc8 29. b6 axb6 30. axb6 Rb8 31. Rec1 Ra6 32. b7 Kf8 33. Ndc6 Bxc6
34. Nxc6 Rxc6 35. Rxc6 Ke7 36. Rc8 Nd7 37. Rxb8 Nxb8 38. Rc1 1-0

[Event "2. Azuqueca Chess Classic 2014"]
[Site "Azuqueca de Henares ESP"]
[Date "2014.09.16"]
[Round "4.6"]
[White "Elissalt Cardenas, Hector"]
[Black "Erice Alonso, Santiago"]
[Result "1/2-1/2"]
[WhiteElo "2334"]
[BlackElo "2023"]
[PlyCount "130"]
[EventDate "2014.09.13"]
[EventType "swiss"]
[EventRounds "9"]
[EventCountry "ESP"]
[Source "lmi"]
[SourceDate "2014.09.13"]

1. c4 c6 2. Nf3 d5 3. e3 Nf6 4. Qc2 e6 5. b3 Be7 6. Bb2 O-O 7. Be2 b6 8. O-O
Bb7 9. d4 Nbd7 10. Nc3 c5 11. Rfd1 cxd4 12. exd4 Rc8 13. Rac1 Qc7 14. Qd2 Qb8
15. Ne5 Rfd8 16. Nxd7 Rxd7 17. Qe3 dxc4 18. bxc4 Qa8 19. Bf1 Rcd8 20. Ne2 Ne4
21. Ng3 Bg5 22. f4 Nxg3 23. hxg3 Bf6 24. Rd2 g6 25. g4 Qb8 26. g5 Bg7 27. g3
Qd6 28. Rcd1 Qc6 29. d5 exd5 30. Bxg7 Kxg7 31. f5 gxf5 32. Bg2 Qxc4 33. Qe5+
Kg8 34. Rd4 Qc7 35. Qxf5 Qxg3 36. R1d3 Qe1+ 37. Kh2 Re7 38. Re4 Rxe4 39. Bxe4
Qxe4 40. Qxe4 dxe4 41. Rxd8+ Kg7 42. Rd6 Ba6 43. Kg3 e3 44. Kf3 e2 45. Kf2 Bc4
46. a3 b5 47. Ra6 b4 48. Rxa7 bxa3 49. Rxa3 Kg6 50. Rc3 Bb5 51. Rc5 Bd3 52. Rd5
Bf5 53. Kxe2 Kxg5 54. Kf3 h5 55. Rc5 Kg6 56. Kf4 Be6 57. Kg3 Bg4 58. Kh4 Be2
59. Re5 Bg4 60. Rc5 Kf6 61. Ra5 Ke6 62. Kg5 Be2 63. Rc5 Bg4 64. Rb5 f5 65. Rb6+
Kd5 1/2-1/2